|
|
|
|
| LEADER |
00880cam a2200241 7i4500 |
| 001 |
0000007521 |
| 005 |
20190429090000.0 |
| 020 |
|
|
|a 9780130321206
|
| 020 |
|
|
|a 0130321206 (hbk.)
|
| 090 |
0 |
0 |
|a TK454
|b .N59 2001
|
| 100 |
1 |
|
|a Nilsson, James W
|
| 245 |
1 |
0 |
|a Electric circuits
|c James W. Nilsson, Susan A. Riedel.
|
| 250 |
|
|
|a 6th ed.
|
| 260 |
|
|
|a Upper Saddle River:
|b Prentice Hall,
|c 2001.
|
| 300 |
|
|
|a xxxiv, 1018 p.:
|b ill.;
|c 24 cm.
|
| 504 |
|
|
|a Includes bibliographical references and index
|
| 650 |
0 |
0 |
|a Electric circuits
|
| 700 |
1 |
|
|a Riedel, Susan A
|
| 997 |
|
|
|a Engineering & Life Sciences, Faculty
|b Engineering, Department
|
| 998 |
|
|
|a Electrical Engineering, Degree
|
| 999 |
|
|
|a 0000005661
|b BOK
|c OPEN SHELF
|e 2nd Floor, Bestari Jaya
|
| 999 |
|
|
|a 0000010149
|b BOK
|c OPEN SHELF
|e 2nd Floor, Bestari Jaya
|
| 999 |
|
|
|a 0000018814
|b BOK
|c OPEN SHELF
|e 1st Floor, Bestari Jaya
|